| 000 | 006110000a22001810004500 | ||
|---|---|---|---|
| 003 | MACL | ||
| 005 | 20160607145440.0 | ||
| 008 | 160607b xxu||||| |||| 00| 0 eng d | ||
| 040 |
_aMACL _cMACL |
||
| 041 | _aHindi | ||
| 082 | _a920 TOK | ||
| 100 |
_aटोकी, राजेन्द्र _962703 |
||
| 245 |
_aगांधी : जीवन और दर्शन _cराजेन्द्र टोकी |
||
| 260 |
_aनई दिल्ली _bसुमित बुक्स _c2012 |
||
| 350 | _a400 | ||
| 650 |
_aवायोग्राफी _962704 |
||
| 942 |
_cHIN _k920/TOK _2ddc |
||
| 999 |
_c47274 _d47274 |
||